La primauté du droit, idée-force du progrès

Guardat en:
Dades bibliogràfiques
Autor corporatiu: Comisión Internacional de Juristas (Autor)
Format: Llibre
Idioma:francès
Publicat: Ginebra Comisión Internacional de Juristas 1965
Matèries:
Etiquetes: Afegir etiqueta
Sense etiquetes, Sigues el primer a etiquetar aquest registre!

MARC

LEADER 00000nam a2200000 a 4500
001 UCT9301
003 CL-VaPUC
005 20231023101648.0
008 970404e19650000sz 1 fre d
082 0 4 |a 341.26  |b COM  |2 21 
110 2 |a Comisión Internacional de Juristas  |e author  |9 618272 
245 1 3 |a La primauté du droit, idée-force du progrès 
260 |a Ginebra  |b Comisión Internacional de Juristas  |c 1965 
300 |a 214 p 
583 |a last modification  |c 19970404 00:00:00  |k Rodrigo Vera 
650 0 0 |a Estado  |9 255503 
650 0 0 |a Derecho internacional  |9 255637 
650 0 7 |a SISTEMAS POLITICOS  |2 CL-VaPUC  |9 618273 
650 0 0 |a Derechos civiles y políticos   |9 338684 
650 0 0 |a Derechos humanos  |9 223025 
650 0 0 |a REFORMA AGRARIA  |9 256789 
650 0 7 |a NACIONALIZACION  |2 CL-VaPUC  |9 257239 
651 0 |a Asia  |9 268338 
942 |c BK 
945 |a paguirre  |d 19970404 00:00:00 
546 |a En Francés 
518 |p Congrès des Juristes du Sud-Est Asiatique et du Pacifique, Bangkok, 15 al 19 de Febrero de 1965 
999 |c 382867  |d 382865 
952 |0 0  |1 0  |4 0  |6 341_260000000000000_COM_1965  |7 0  |8 P  |9 504801  |a BIBDER  |b BIBDER  |d 2020-01-23  |i 1820125  |o 341.26 COM 1965  |p 1820125  |r 2023-01-25  |w 2020-01-23  |y BK  |k DER